Sobre la prosa literaria: reflexiones y análisis

Na minha lista:
Detalhes bibliográficos
Autor principal: Sklovski, Viktor (Author)
Formato: Livro
Idioma:espanhol
Publicado em: Barcelona Planeta 1971
Colecção:Ensayos. Planetas
Assuntos:
Tags: Adicionar Tag
Sem tags, seja o primeiro a adicionar uma tag!

MARC

LEADER 00000nam a2200000 a 4500
001 UCX5687
003 CL-VaPUC
008 930106e19710000SP |||||||||||||||||spa|d
082 0 4 |a 809.3  |b SKL  |2 21 
100 0 |a Sklovski, Viktor  |e author  |9 322034 
245 1 0 |a Sobre la prosa literaria: reflexiones y análisis 
300 |a 371 p 
942 |c BK 
945 |d 19930106 00:00:00 
260 |a Barcelona  |b Planeta  |c 1971 
650 7 |a LITERATURA HISTORIA Y CRITICA  |2 CL-VaPUC  |9 322035 
650 0 |a Crítica literaria   |9 269189 
583 |a last modification  |c 19930106 00:00:00  |k Rodrigo Vera 
490 0 |a Ensayos. Planetas 
999 |c 225884  |d 225882 
952 |0 0  |1 0  |4 0  |6 809_300000000000000_SKL_1971  |7 0  |8 A  |9 223789  |a BIBEDU  |b BIBEDU  |d 2019-11-15  |i 2926172  |o 809.3 SKL 1971  |p 2926172  |r 2019-11-15  |w 2019-11-15  |y BK  |k LIT